Baby Names: 'O' & 'P' Boy Names by Decade Quiz Stats

Quiz Updated Apr 19, 2017

Challenge
Share
Tweet
Embed
Score 0/108 Timer 08:00
14 Plays Today
Decade Names % Correct
1880sPeter
95.6%
1890sPeter
95.6%
1900sPeter
95.6%
1910sPeter
95.6%
1920sPeter
95.6%
1930sPeter
95.6%
1940sPeter
95.6%
1950sPeter
95.6%
1960sPeter
95.6%
1970sPeter
95.6%
1980sPeter
95.6%
1990sPeter
95.6%
2000sPeter
95.6%
1880sPaul
93.1%
1890sPaul
93.1%
1900sPaul
93.1%
1910sPaul
93.1%
1920sPaul
93.1%
1930sPaul
93.1%
1940sPaul
93.1%
1950sPaul
93.1%
1960sPaul
93.1%
1970sPaul
93.1%
1980sPaul
93.1%
1990sPaul
93.1%
2000sPaul
93.1%
1890sOliver
87.7%
1900sOliver
87.7%
1910sOliver
87.7%
1920sOliver
87.7%
1930sOliver
87.7%
2000sOliver
87.7%
1880sOliver
87.1%
1880sPatrick
82.2%
1890sPatrick
82.2%
1900sPatrick
82.2%
Decade Names % Correct
1930sPatrick
82.2%
1910sPatrick
82.2%
1920sPatrick
82.2%
1940sPatrick
82.2%
1950sPatrick
82.2%
1960sPatrick
82.2%
1970sPatrick
82.2%
1980sPatrick
82.2%
1990sPatrick
82.2%
2000sPatrick
82.2%
1880sOscar
72.6%
1890sOscar
72.5%
1900sOscar
72.5%
1910sOscar
72.5%
1920sOscar
72.5%
1930sOscar
72.5%
1940sOscar
72.5%
1970sOscar
72.5%
1980sOscar
72.5%
1990sOscar
72.5%
2000sOscar
72.5%
1880sPhillip
64.6%
1910sPhillip
64.6%
1920sPhillip
64.6%
1930sPhillip
64.6%
1940sPhillip
64.6%
1950sPhillip
64.6%
1970sPhillip
64.6%
1980sPhillip
64.6%
1990sPhillip
64.6%
1880sPhilip
61.6%
1890sPhilip
61.6%
1900sPhilip
61.6%
1910sPhilip
61.6%
1920sPhilip
61.6%
1930sPhilip
61.6%
Decade Names % Correct
1940sPhilip
61.6%
1950sPhilip
61.6%
1960sPhilip
61.6%
1970sPhilip
61.6%
1980sPhilip
61.6%
1990sPhilip
61.6%
2000sOwen
57.4%
1980sOmar
39.6%
1990sOmar
39.6%
2000sOmar
39.6%
1880sPerry
36.6%
1890sPerry
36.6%
1950sPerry
36.6%
1960sPerry
36.6%
1990sParker
36.3%
2000sParker
36.3%
1990sPedro
36.3%
1900sOrville
36.2%
1910sOrville
36.2%
1920sOrville
36.2%
1880sOtto
34.5%
1890sOtto
34.5%
1900sOtto
34.5%
1910sOtto
34.5%
1880sPercy
31.6%
1890sPercy
31.6%
1900sPercy
31.6%
2000sPeyton
30.3%
1990sPreston
30.3%
2000sPreston
30.3%
1880sOtis
27.9%
1890sOtis
27.9%
1900sOtis
27.9%
1910sOtis
27.9%
1920sOtis
27.9%
1930sOtis
27.9%

You're not logged in!

Compare scores with friends on all Sporcle quizzes.
Sign Up with Email
OR
Log In

You Might Also Like...

Show Comments

Extras

Top Quizzes Today


Score Distribution

Your Account Isn't Verified!

In order to create a playlist on Sporcle, you need to verify the email address you used during registration. Go to your Sporcle Settings to finish the process.

Report this User

Report this user for behavior that violates our Community Guidelines.

Details: